000 00472nam a22001577a 4500
003 macl
005 20171102123407.0
008 171102b xxu||||| |||| 00| 0 eng d
040 _cmacl
082 _a891.433/S NIR
100 _aनिर्मम , डाॅ .हेेमराज
_969353
245 _aबिचौलिया
260 _aदिल्‍ली
_bज्ञानाेदय
_c2014
650 _aकहानियां
_933092
942 _2ddc
_cHIN
999 _c57110
_d57110